| 000 | 00501pam a2200169 a 4500 | ||
|---|---|---|---|
| 020 | _a0023958901 | ||
| 040 | _cDLC | ||
| 082 | 0 | 0 | _a338 MAX 1992 A014 Co. |
| 100 | 1 | _aPindyck, Robert S. | |
| 245 | 1 | 0 | _aMicroeconomics / |
| 250 | _a2nd ed. | ||
| 260 |
_aNew York : _bMacmillan ; _aToronto : _bMaxwell Macmillan Canada ; _aNew York : _bMaxwell Macmillan International, _cc1992. |
||
| 300 |
_axxiii, 719 p. : _bill. ; _c24 cm. |
||
| 650 | 0 | _aMicroeconomics. | |
| 700 | 1 | _aRubinfeld, Daniel L. | |
| 942 | _cEK | ||
| 999 |
_c13474 _d13474 |
||